00305 2200133 4500001002100000005001500021035002000036245004700056300000700103260002900110082000800139084001200147990001200159INLIS00000000000213120250527112311 a0010-0525000423 aTes IQ Remaja /cRedaksi Pustaka Widyatama a36 bPustaka Widyatama,c2007 a300 a300 TES a0713234